Normal view
MARC view
- Lyons, Raymond F.,
Entry Nombre Personal
001 - NUMERO DE CONTROL
- campo de control: 36049
003 - IDENTIFICADOR DE NUMERO DE CONTROL
- campo de control: UPN
005 - FECHA Y HORA DE LA ÜLTIMA TRANSACCIÓN
- campo de control: 20210219194510.0
008 - DATOS DE LONGITUD FIJA
- campo de control de longitud fija: nabaccnnaabn|||||||||| b |nc|||||d
035 ## - NUMERO DE CONTROL
- Número de control: UPN11000008156
040 ## - FUENTE DE CATALOGACIÓN
- Lenguaje de catalogación: SPA
- Agencia de transcripción: UPN
100 1# - ENCABEZAMIENTO - NOMBRE PERSONAL
- Nombre personal: Lyons, Raymond F.,
- Fechas asociadas con el nombre: m. 1990
670 ## - FUENTE EN LA QUE SE LOCALIZARON DATOS
- Cita de la fuente: T
- Uniform Resource Identifier: http://doc.iiep.unesco.org/wwwisis/fc/newsletter_1990_juls90.pdf
680 ## - NOTA PUBLICA DE ACCESO PÚBLICO
- Frase explicativa de la referencia: Investigador educativo de la IIEP
902 ## - CATALOGADOR
- Catalogador: CAA/031114
